Moll Flanders
Novela que relata la historia sigue a Moll Flanders (nombre no de nacimiento), iniciando desde su nacimiento hasta sus diversos matrimonios para buscar una vida con seguridad financiera, pero tras varios engaños para buscar un esposo rico se decide más como una ladrona al verse cada vez más acorrala...
Guardat en:
| Autor principal: | |
|---|---|
| Format: | Llibre |
| Idioma: | Undetermined |
| Publicat: |
New York, Estados Unidos
Pyramid Books
1965
|
| Matèries: | |
| Etiquetes: |
Afegir etiqueta
Sense etiquetes, Sigues el primer a etiquetar aquest registre!
|
MARC
| LEADER | 00000nam a2200000Ia 4500 | ||
|---|---|---|---|
| 008 | 170316s9999 xx 000 0 und d | ||
| 040 | |a cru BVZT | ||
| 090 | |a 820 D-3m | ||
| 100 | |a Defoe, Daniel | ||
| 245 | |a Moll Flanders | ||
| 260 | |a New York, Estados Unidos | ||
| 260 | |b Pyramid Books | ||
| 260 | |c 1965 | ||
| 300 | |a 286 páginas | ||
| 520 | |a Novela que relata la historia sigue a Moll Flanders (nombre no de nacimiento), iniciando desde su nacimiento hasta sus diversos matrimonios para buscar una vida con seguridad financiera, pero tras varios engaños para buscar un esposo rico se decide más como una ladrona al verse cada vez más acorralada hasta lograr su objetivo. | ||
| 650 | |a LITERATURA INGLESA |9 12 | ||
| 650 | |a NOVELA |9 13 | ||
| 650 | |a EN IDIOMA INGLÉS |9 129 | ||
| 999 | |c 6846 |d 6846 | ||
| 942 | |c 15 D |h 820 D-3m |2 z | ||
